| 000 | 00506nam a22001817a 4500 | ||
|---|---|---|---|
| 005 | 20250110153515.0 | ||
| 010 | _aB-761670 | ||
| 020 |
_a9789351010432 _c310.00 |
||
| 035 | _aB-761670 | ||
| 037 | _bGift | ||
| 082 | _a300 | ||
| 100 |
_aDevi, Kanta _976363 |
||
| 245 |
_aA to Z Social Studies; _bBook 2/ _cKanta Devi |
||
| 260 |
_aNew Delhi _bFlamingo Books _c2024 |
||
| 300 |
_a116p. _c28cm(pb) |
||
| 942 |
_2ddc _cCH _h300 _mDEV |
||
| 999 |
_c208380 _d208380 |
||